| 000 | 00936nam a22002537a 4500 | ||
|---|---|---|---|
| 003 | OSt | ||
| 005 | 20150830101721.0 | ||
| 008 | 100622s2006 ua|||| fr||| 00010 aaradd | ||
| 020 | _a9773059472 | ||
| 040 |
_aEG-ScBUE _bara _cEG-ScBUE |
||
| 082 | 0 | 4 |
_a070.18 _bا ل ن _222 |
| 100 | 1 |
_aالنحاس، هاشم _915007 |
|
| 245 |
_aوقائع وأحلام فى مهرجانات الأفلام التسجيلية و القصيرة / _cهاشم النحاس . |
||
| 260 |
_aالقاهرة: _bالعهيئة العامة لقصور الثقافة ، _c2006. |
||
| 300 |
_a195ص؛ _c24سم. |
||
| 490 |
_aآفاق السينما _v48. |
||
| 500 | _aيشتمل على كشاف | ||
| 541 |
_aعلاء عبد الغنى ؛ _cإهداء؛ |
||
| 590 | _adoaa mohamed | ||
| 650 |
_915009 _aالافلام السينمائية _xمهرجانات _2BUEsh |
||
| 651 | _2BUEsh | ||
| 653 | _cAugust2015 | ||
| 942 |
_2ddc _cBB _k070.18 ا ل ن |
||
| 999 |
_c14151 _d14151 |
||